| 000 | 00576nam a22001577a 4500 | ||
|---|---|---|---|
| 003 | OSt | ||
| 005 | 20151104154230.0 | ||
| 008 | 151104b xxu||||| |||| 00| 0 eng d | ||
| 040 | _cRUA | ||
| 082 | _aFOR ហ៊ម 1994 B119 Or.1 | ||
| 100 |
_93363 _aហ៊ម វិសាល |
||
| 245 | _aលក្ខណៈជីវសាស្រ្ត នៃកូនឈើបណ្ដុះប្រភេទអង្គារដី( Seebania grandiflora) នៅក្នុងថ្នាល ; | ||
| 260 |
_aPhnom Penh _bRUA _c1994 |
||
| 300 |
_a76p. _bill. _c29cm. |
||
| 942 |
_2ddc _cFOR |
||
| 999 |
_c3136 _d3136 |
||